Open Data Biblioteca Nacional de Portugal


República Portuguesa: Ministério da Cultura
Biblioteca Nacional de Portugal

Catálogo da BNP: acesso por Identificadores Unívocos
Registos Bibliográficos associados ao registo de autoridade

Etiqueta de registo: 01252cam 02200409 04500
001 388338
003 http://id.bnportugal.gov.pt/bib/catbnp/388338
005 20000721114600.0
010 ## $a972-9241-30-9
021 ## $aPT$b56447/92
095 ## $aPTBN00415291
100 ## $a19930203d1992 k y0pory0103 ba
101 0# $apor
102 ## $aPT
105 ## $aa z 001yy
106 ## $ar
200 1# $aIntrodução à física$fJorge Dias de Deus... [et al.]$gil. Pedro Patrício e Victor Santos
210 #9 $aLisboa$cMcGraw-Hill de Portugal,$dcop. 1992
215 ## $aXVIII, 522, [2] p.$cil.$d25 cm
225 2# $aCiência e técnico
675 ## $a53(075.8)$vBN$zpor$3388562
701 #1 $aDeus,$bJorge Dias de,$f1941-$4070$360797
702 #1 $aPatrício,$bPedro$4440$387024
702 #1 $95$aSantos,$bVítor$4440$384619
801 #0 $aPT$bBN$gRPC
966 ## $c2$lBN$mFGMON$sS.A. 74167 V.$x1
966 ## $c2$lBN$mFGMON$sS.A. 74167 V.$x1

Etiqueta de registo: 01087cam 2200337 450
001 381862
003 http://id.bnportugal.gov.pt/bib/catbnp/381862
005 19981230000000.0
010 ## $a972-95829-0-4
021 ## $aPT$b62005/92
095 ## $aPTBN00408018
100 ## $a19930108d1992 m y0pory0103 ba
101 0# $apor
102 ## $aPT
105 ## $aa z 001yy
106 ## $ar
200 1# $aRamalha$e o homem e a história$fFrancisco Silva... [et al.]$gfot. Francisco Silva e João Vinagre$gdes. Armando Sabrosa, Jorge Raposo e Vitor Santos
210 #9 $aAlmada$cCentro de Arqueologia,$d1992
215 ## $a34, [1] p.$cil.$d17x24 cm
607 ## $aRamalha (Concelho de Almada, Portugal)$31101587
675 ## $a908(469.412)(036)$vBN$zpor$3292799
701 #1 $91$aSilva,$bFrancisco$4070$384615
702 #1 $aVinagre,$bJoão$4600$384616
702 #1 $aSabrosa,$bArmando,$f19? -2006$4440$384617
702 #1 $aRaposo,$bJorge$4440$384618
702 #1 $95$aSantos,$bVítor$4440$384619
801 #0 $aPT$bBN$gRPC
966 ## $c2$lBN$mFGMON$sH.G. 35632 P.$x1
966 ## $c2$lBN$mFGMON$sH.G. 35632 P.$x1

Etiqueta de registo: 00000nam 2200025 450
001 2155794
003 http://id.bnportugal.gov.pt/bib/catbnp/2155794
021 ## $aPT$b521070/23
100 ## $a20240207d2023 m y0pory01030103ba
101 0# $apor
102 ## $aPT
105 ## $aa b 000yy
106 ## $ar
200 1# $aCaminhos medalhas e moedas$eJosé João Brito, João Duarte, Vítor Santos$ftextos Agnès Le Gac... [et al.]
210 #9 $aLisboa$cCentro Cultural Casapiano,$dD.L. 2023
215 ## $a[21] p.$cil.$d20 cm
675 ## $a737A/Z(=1:469)"19/20"(083.82)$vBN$zpor$31908134
675 ## $a737.22(=1:469)"19/20"(083.82)$vBN$zpor$31908143
702 #1 $aLe Gac,$bAgnès$4070$31187490
702 #1 $92$aBrito,$bJosé João$4040$31428021
702 #1 $94$aDuarte,$bJoão$4040$31875536
702 #1 $95$aSantos,$bVítor$4040$384619
801 #0 $aPT$bBN$gRPC
856 41 $uhttp://rnod.bnportugal.gov.pt/ImagesBN/winlibimg.aspx?skey=&doc=2155794&img=189931&save=true
900 ## $aBIBNAC$d20240320
966 ## $lBN$mFGMON$sB.A. 12221 P.$x1
966 ## $lBN$mFGMON$sB.A. 12221 P.-D$x1
971 ## $cjbeatriz$d20240207
972 ## $d20240320$e0$vlrevez$z0
973 ## $ctrodrigues$d20240223

Etiqueta de registo: 00000nkm 2200025 450
001 2274946
003 http://id.bnportugal.gov.pt/bib/catbnp/2274946
100 ## $a20260303d1988 m y0pory01030103ba
101 0# $apor
102 ## $aPT
200 1# $a1ª Jornadas de Ciência e Tecnologia em Agricultura, a investigação agrária em Portugal perante as transformações da agricultura até ao final do século XX, Forum Picoas, 12, 13, 14 outubro 1988$bVisual gráfico]$fComissão Coordenadora de Investigação da Agricultura, Florestas e Pecuária$gVitor Santos
210 #9 $a[Lisboa]$cComissão Coordenadora de Investigação da Agricultura, Florestas e Pecuária,$d1988
215 ## $a1 cartaz$ccolor.$d42x30 cm
317 ## $aColeção Madeira Luís
675 ## $a766(=1:469)"198"(084.5)$vBN$zpor$31302430
702 #1 $95$aSantos,$bVítor$384619
710 02 $aComissão Coordenadora de Investigação da Agricultura, Florestas e Pecuária$31988557
801 #0 $aPT$bBN$gRPC
966 ## $lBN$mICONOG$sCT. 15297 V.$x3
971 ## $cCatmusica8$d20260303
972 ## $d20260305 $e0$vmferro $z0
995 ## $aPRR2026

Etiqueta de registo: 00000nkm 2200025 450
001 2278563
003 http://id.bnportugal.gov.pt/bib/catbnp/2278563
100 ## $a20260310d1990 m y0pory01030103ba
101 0# $apor
102 ## $aPT
200 1# $a2.º Congresso Galaico Portucalense de Técnicos de Vendas e Agentes Comerciais, Porto, 8, 9, 10, 11 novembro 90$bVisual gráfico]$fdesign Victor Santos, Alves da Silva
210 #9 $a[Porto$cs.n.],$d1990$e[Vila Nova de Gaia] :$gRocha - Artes Gráficas, Lda.)
215 ## $a1 cartaz$ccolor.$d68x48 cm
317 ## $aColeção Madeira Luís
702 #1 $95$aSantos,$bVítor$4410$384619
702 #1 $91$aSilva,$bAlves da$4410$3179339
710 02 $aCongresso Galaico Portucalense de Técnicos de Vendas e Agentes Comerciais,$d2,$ePorto,$f1990$31990272
801 #0 $aPT$bBN$gRPC
966 ## $lBN$mICONOG$sCT. 23367 A.$x3
971 ## $cCaticonografia7$d20260310
972 ## $d20260311$e1$vfpinelo$z0
995 ## $aPRR2026

OpendataBNP@bnportugal.pt | Mais informação sobre acesso aos dados BNP